书目信息 |
| 题名: |
解析数论基础
|
|
| 作者: | 卡拉楚巴 著 ;潘承彪 , 张南岳 译 | |
| 分册: | ||
| 出版信息: | 北京 科学出版社 1984 |
|
| 页数: | 177页 | |
| 开本: | 21cm | |
| 丛书名: | 现代数学译丛 | |
| 单 册: | ||
| 中图分类: | O156.4 | |
| 科图分类: | ||
| 主题词: | 解析数论--基本知识 | |
| 电子资源: | ||
| ISBN: | ||
| 000 | 00811nam2 2200277 45 | |
| 001 | 0184002026 | |
| 005 | 20060517094605.39 | |
| 010 | @dCNY1.15 | |
| 091 | @a13031.2512 | |
| 100 | @a19950502d1984 em y0chiy0121 ea | |
| 101 | 1 | @achi@crus |
| 102 | @aCN@b110000 | |
| 105 | @ay z 000yy | |
| 200 | 10 | @a解析数论基础@Ajie xi shu lun ji chu@f(苏)А·А·卡拉楚巴著@F(su)А·А·ka la chu ba zhu@g潘承彪,张南岳译 |
| 210 | @a北京@c科学出版社@d1984 | |
| 215 | @a177页@d21cm | |
| 225 | 2 | @a现代数学译丛 |
| 410 | 0 | @120010@a现代数学译丛 |
| 606 | @a解析数论@x基本知识 | |
| 690 | @aO156.4@v3 | |
| 701 | 1 | @a卡拉楚巴@Aka la chu ba@4著 |
| 702 | 0 | @a潘承彪@Apan cheng biao@4译 |
| 702 | 0 | @a张南岳@Azhang nan yue@4译 |
| 801 | 2 | @aCN@bNLC@c20060517 |
| 801 | 0 | @aCN@b上海图书馆@c20060419 |
| 905 | @dO156.4@e24 | |
| 解析数论基础/(苏)А·А·卡拉楚巴著/潘承彪,张南岳译.-北京:科学出版社,1984 |
| 177页;21cm.-(现代数学译丛) |
| ISBN :CNY1.15 |
| ● |
| 相关链接 |
|
|
|
|
正题名:解析数论基础
索取号:O156.4/24
 
预约/预借
| 序号 | 登录号 | 条形码 | 馆藏地/架位号 | 状态 | 备注 |
| 1 | 0106782 | 001930995 | 第三借阅区/ [索取号:O156.4/24] | 在馆 | |
| 2 | 0106783 | 000415170 | 第二样本阅览室/ [索取号:O156.4/24] | 在馆 | |
| 3 | 0119782 | 202244302 | 密集书库/ [索取号:O156.4/24] | 在馆 | |
| 4 | 0119783 | 000415189 | 第三借阅区/ [索取号:O156.4/24] | 在馆 | |
| 5 | 0119784 | 202216832 | 密集书库/ [索取号:O156.4/24] | 在馆 | |
| 6 | 0119785 | 202352694 | 密集书库/ [索取号:O156.4/24] | 在馆 | |
| 7 | 0119786 | 202352649 | 密集书库/ [索取号:O156.4/24] | 在馆 |